[Event "C.to Provinciale NA"]
[Site "Napoli ITA"]
[Date "2012.11.22"]
[Round "1"]
[White "Auletta, Angelo"]
[Black "De Rosa, Francesco"]
[WhiteElo "2190"]
[BlackElo "1933"]
[Result "1-0"]
[PlyCount "71"]
[EventDate "2012.11.22"]

1. e4 c5 2. Nf3 d6 3. d4 cxd4 4. Nxd4 Nf6 5. Nc3 g6 6. Be3 Bg7 7. f3 a6 8. Qd2
b5 9. a4 bxa4 10. Rxa4 Bb7 11. Be2 Nbd7 12. O-O O-O 13. Nb3 Ne5 14. Rfa1 Qc7
15. Qe1 Rfc8 16. Na5 Re8 17. Nxb7 Qxb7 18. R1a2 a5 19. Bb5 Rec8 20. Rxa5 Rxa5
21. Rxa5 Nc4 22. Bxc4 Rxc4 23. Qa1 e6 24. Ra7 Qc6 25. Ra8+ Ne8 26. Qa7 Kf8 27.
Rb8 Rxc3 28. bxc3 Qxc3 29. Bf2 Qxc2 30. g3 Qc6 31. Rb7 f5 32. Rf7+ Kg8 33. Qe7
fxe4 34. Qxe6 Kh8 35. fxe4 Be5 36. Rf8+ 1-0

[Event "C.to Provinciale NA"]
[Site "Napoli ITA"]
[Date "2012.11.22"]
[Round "1"]
[White "Borrelli, Salvatore"]
[Black "Messina, Enrico"]
[WhiteElo "1937"]
[BlackElo "2225"]
[Result "0-1"]
[PlyCount "64"]
[EventDate "2012.11.22"]

1. d4 Nf6 2. c4 c5 3. d5 b5 4. Qc2 e6 5. e4 bxc4 6. Bxc4 Bb7 7. Nc3 Be7 8. Nf3
exd5 9. exd5 O-O 10. O-O d6 11. Bf4 Nbd7 12. Rad1 Nb6 13. b3 Rb8 14. Ng5 Nxc4
15. bxc4 Ba6 16. Nce4 Nxe4 17. Nxe4 Rb4 18. Nd2 Qd7 19. Rb1 Rfb8 20. a3 Rxb1
21. Rxb1 Rxb1+ 22. Qxb1 h6 23. h3 g5 24. Bh2 Qa4 25. Qc1 Bf8 26. Ne4 Qxc4 27.
Nf6+ Kg7 28. Ne8+ Kg6 29. Qb1+ Qd3 30. Qa1 Qd4 31. Qxd4 cxd4 32. Bxd6 d3 0-1

[Event "C.to Provinciale NA"]
[Site "Napoli ITA"]
[Date "2012.11.22"]
[Round "1"]
[White "Caiazzo, Diego"]
[Black "Farina, Walter"]
[WhiteElo "1845"]
[BlackElo "1639"]
[Result "1/2-1/2"]
[PlyCount "138"]
[EventDate "2012.11.22"]

1. Nf3 d5 2. d4 c6 3. e3 Nf6 4. Nbd2 e6 5. Bd3 Nbd7 6. O-O Bd6 7. c3 e5 8. dxe5
Nxe5 9. Nxe5 Bxe5 10. Nf3 Bg4 11. Be2 Bd6 12. Nd4 h5 13. h3 Qe7 14. f3 Bd7 15.
Bd3 g6 16. Qc2 O-O-O 17. Bd2 Qe5 18. f4 Qe7 19. a4 Rdg8 20. Nf3 Bc5 21. Rfe1
Nh7 22. b4 Bd6 23. b5 c5 24. e4 c4 25. Bf1 Bc5+ 26. Nd4 Qd6 27. Kh1 g5 28. e5
Qe7 29. Nf5 Bxf5 30. Qxf5+ Qe6 31. Qxe6+ fxe6 32. Rad1 gxf4 33. Bxf4 Ng5 34.
Bd2 Ne4 35. Rxe4 dxe4 36. Bxc4 Rg6 37. Re1 e3 38. Bxe3 Bxe3 39. Rxe3 Rd8 40.
Bd3 Rg5 41. c4 Rd4 42. Kh2 Kc7 43. Be2 Rd2 44. Re4 Kb6 45. Bf3 Ka5 46. c5 Rc2
47. c6 bxc6 48. bxc6 Rxc6 49. g4 Rc2+ 50. Kg3 hxg4 51. hxg4 Rc5 52. Kf4 Rg8 53.
g5 Rf8+ 54. Kg4 Rf5 55. g6 Rc7 56. Kg3 Rg5+ 57. Bg4 Rxg6 58. Kf4 Rf7+ 59. Ke3
Kb6 60. Kd4 a5 61. Ke3 Rc7 62. Kf4 Rc1 63. Be2 Rh1 64. Ke3 Kc5 65. Rc4+ Kb6 66.
Bf3 Rh3 67. Rc6+ Ka7 68. Rc7+ Kb6 69. Rc6+ Ka7 1/2-1/2

[Event "C.to Provinciale NA"]
[Site "Napoli ITA"]
[Date "2012.11.22"]
[Round "1"]
[White "Capozzoli, Silvio"]
[Black "Angelotti, Mario"]
[WhiteElo "1860"]
[BlackElo "1757"]
[Result "1-0"]
[PlyCount "41"]
[EventDate "2012.11.22"]

1. e4 e6 2. c4 d5 3. d4 dxe4 4. Nc3 Nf6 5. g3 Nc6 6. Be3 Be7 7. a3 a6 8. b4 O-O
9. Bg2 h6 10. Nge2 Ng4 11. Nxe4 f5 12. N4c3 Bg5 13. Bxg5 Qxg5 14. h3 Ne3 15.
fxe3 Qxe3 16. Qd2 Nxd4 17. Qxd4 f4 18. Qxe3 fxe3 19. Rf1 Bd7 20. Rd1 Bc6 21.
Bxc6 1-0

[Event "C.to Provinciale NA"]
[Site "Napoli ITA"]
[Date "2012.11.22"]
[Round "1"]
[White "Di Gennaro, Antonio"]
[Black "Taurisano, Vincenzo"]
[WhiteElo "1666"]
[BlackElo "1851"]
[Result "0-1"]
[PlyCount "80"]
[EventDate "2012.11.22"]

1. e4 c6 2. d4 d5 3. e5 Bf5 4. Nf3 e6 5. Be2 Nd7 6. O-O c5 7. c3 Ne7 8. Ne1 Nc6
9. f4 cxd4 10. cxd4 Qb6 11. Nf3 Rc8 12. a3 Bg4 13. Be3 Qxb2 14. Nbd2 Bf5 15.
Qb3 Qxb3 16. Nxb3 Be7 17. Rfc1 O-O 18. h3 h5 19. Kh2 a5 20. Rg1 a4 21. Nc5 Nxc5
22. dxc5 Rfd8 23. Bb5 Bc2 24. Bxc6 bxc6 25. Bd4 Rb8 26. Ra2 Be4 27. Nd2 Bd3 28.
g4 hxg4 29. hxg4 f6 30. f5 Kf7 31. fxe6+ Kxe6 32. exf6 Rh8+ 33. Kg3 Bxf6 34.
Re1+ Kf7 35. Bxf6 gxf6 36. Re3 Bb5 37. Nf3 Rbe8 38. Rxe8 Rxe8 39. Nd4 Re3+ 40.
Kh4 Rc3 0-1

[Event "C.to Provinciale NA"]
[Site "Napoli ITA"]
[Date "2012.11.22"]
[Round "1"]
[White "Esposito, Pino"]
[Black "Baccelliere, Antonio"]
[WhiteElo "1804"]
[BlackElo "1434"]
[Result "1/2-1/2"]
[PlyCount "46"]
[EventDate "2012.11.22"]

1. e4 e5 2. Nf3 Nc6 3. Bb5 a6 4. Ba4 Nf6 5. O-O b5 6. Bb3 Nxe4 7. Re1 Nc5 8.
Nxe5 Nxe5 9. Bxf7+ Kxf7 10. Rxe5 d6 11. Qf3+ Qf6 12. Rxc5 dxc5 13. Qxa8 Qe6 14.
Qf3+ Qf5 15. Qxf5+ Bxf5 16. d3 Be7 17. Nc3 Re8 18. Be3 Be6 19. Ne4 c4 20. dxc4
Bxc4 21. Rd1 Rd8 22. Rxd8 Bxd8 23. b3 Be2 1/2-1/2

[Event "C.to Provinciale NA"]
[Site "Napoli ITA"]
[Date "2012.11.22"]
[Round "1"]
[White "Longobardi, Giuseppe"]
[Black "Gallo, Thomas Renato"]
[WhiteElo "2036"]
[BlackElo "1893"]
[Result "1-0"]
[PlyCount "89"]
[EventDate "2012.11.22"]

1. Nf3 Nf6 2. c4 c6 3. d4 d5 4. e3 Bf5 5. Nc3 Nbd7 6. Be2 e6 7. O-O Bb4 8. Bd2
O-O 9. Qb3 Qe7 10. a3 Bxc3 11. Bxc3 b6 12. Rac1 Ne4 13. cxd5 exd5 14. Bb4 c5
15. Qxd5 Bg4 16. dxc5 bxc5 17. Bc3 Rfd8 18. h3 Nxc3 19. Rxc3 Be6 20. Qg5 f6 21.
Qf4 Nb6 22. e4 Na4 23. Rc2 Bb3 24. Rd2 Rab8 25. Rxd8+ Rxd8 26. Qe3 Bc2 27. b3
Nb6 28. Nd2 Qd6 29. Nc4 Qd4 30. Nxb6 Qxe3 31. Bc4+ Kh8 32. fxe3 axb6 33. e5 f5
34. e6 g6 35. Bb5 Bxb3 36. e7 Rb8 37. e8=Q+ Rxe8 38. Bxe8 c4 39. Rc1 Kg7 40.
Bb5 Kf6 41. Bxc4 Ba4 42. Rb1 Ke5 43. Rxb6 f4 44. exf4+ Kxf4 45. Bg8 1-0

[Event "C.to Provinciale NA"]
[Site "Napoli ITA"]
[Date "2012.11.22"]
[Round "1"]
[White "Schiappoli, Dario"]
[Black "Ambrosio, Giuseppe"]
[WhiteElo "1904"]
[BlackElo "2084"]
[Result "0-1"]
[PlyCount "44"]
[EventDate "2012.11.22"]

1. e4 c5 2. Nf3 Nc6 3. d4 cxd4 4. Nxd4 Nf6 5. Nc3 d6 6. Bc4 Qb6 7. Nxc6 bxc6 8.
Qd3 g6 9. O-O Bg7 10. Be3 Qxb2 11. Bd4 Qb8 12. f4 O-O 13. e5 Ng4 14. Rab1 Qc7
15. f5 dxe5 16. Bc5 e4 17. Qh3 gxf5 18. Nxe4 fxe4 19. Qh5 Nf6 20. Qh4 Qe5 21.
Be3 Ng4 22. Bf2 Nxf2 0-1

[Event "C.to Provinciale NA"]
[Site "Napoli ITA"]
[Date "2012.11.22"]
[Round "1"]
[White "Solombrino, Giovanni"]
[Black "Russo Spena, Vincenzo"]
[WhiteElo "1838"]
[BlackElo "1485"]
[Result "1-0"]
[PlyCount "35"]
[EventDate "2012.11.22"]

1. e4 c5 2. Nf3 Nc6 3. d4 cxd4 4. Nxd4 e5 5. Nb5 a6 6. Nd6+ Bxd6 7. Qxd6 Nge7
8. Nc3 O-O 9. Bg5 f6 10. Bc4+ Kh8 11. Be3 b5 12. Bb3 Na5 13. Bb6 Nb7 14. Bxd8
Nxd6 15. Bxe7 Nxe4 16. Bxf8 Bb7 17. Nxe4 Bxe4 18. f3 1-0

[Event "C.to Provinciale NA"]
[Site "Napoli ITA"]
[Date "2012.11.22"]
[Round "1"]
[White "Somma, Andrea"]
[Black "Zinnai, Graziano Matteo"]
[WhiteElo "1863"]
[BlackElo "2034"]
[Result "1-0"]
[PlyCount "99"]
[EventDate "2012.11.22"]

1. e4 e6 2. d3 d5 3. Nd2 Nf6 4. Ngf3 c5 5. g3 Nc6 6. Bg2 Be7 7. O-O O-O 8. e5
Nd7 9. Re1 f6 10. exf6 Bxf6 11. Bh3 Nde5 12. Nxe5 Bxe5 13. Nf3 Qf6 14. Nxe5
Nxe5 15. f4 Nc6 16. c3 e5 17. Bg2 Rd8 18. Qb3 c4 19. dxc4 Na5 20. Qb5 Nxc4 21.
Bxd5+ Rxd5 22. Qxd5+ Be6 23. Qxb7 Rf8 24. Qxa7 g5 25. b3 gxf4 26. Bxf4 exf4 27.
bxc4 fxg3 28. hxg3 Qg6 29. Qe3 Bxc4 30. a4 Qh5 31. Qd4 Bd5 32. Qh4 Qf3 33. Qg5+
Kh8 34. Qe5+ Rf6 35. Qe8+ Kg7 36. Qe7+ Bf7 37. Qe3 Qg4 38. Rf1 Rg6 39. Qd4+
Qxd4+ 40. cxd4 Rxg3+ 41. Kf2 Rd3 42. Rfd1 Rc3 43. a5 Bd5 44. a6 Rc8 45. a7 Kf6
46. Rab1 Ra8 47. Rb8 Ke6 48. Rxa8 Bxa8 49. Rb1 Bd5 50. Rb8 1-0

[Event "C.to Provinciale NA"]
[Site "Napoli ITA"]
[Date "2012.11.22"]
[Round "1"]
[White "Trematerra, Massimiliano"]
[Black "Esposito, Rosario"]
[WhiteElo "1461"]
[BlackElo "1830"]
[Result "0-1"]
[PlyCount "50"]
[EventDate "2012.11.22"]

1. d4 Nf6 2. c4 g6 3. Nc3 d5 4. Bf4 Bg7 5. e3 c5 6. Bd3 cxd4 7. exd4 O-O 8.
Nge2 Nc6 9. Be5 dxc4 10. Bxc4 Nxe5 11. dxe5 Ng4 12. Qxd8 Rxd8 13. f4 Ne3 14.
Bb3 Nxg2+ 15. Kf2 Nh4 16. Ne4 Bg4 17. Rae1 Bxe2 18. Rxe2 Nf5 19. e6 Bd4+ 20.
Kf3 f6 21. Ba4 Bb6 22. Bd7 Nd4+ 23. Kf2 Nxe6+ 24. Kf3 Nd4+ 25. Kg3 Nxe2+ 0-1

[Event "C.to Provinciale NA"]
[Site "Napoli ITA"]
[Date "2012.11.29"]
[Round "2"]
[White "Baccelliere, Antonio"]
[Black "Di Gennaro, Antonio"]
[WhiteElo "1434"]
[BlackElo "1666"]
[Result "0-1"]
[PlyCount "40"]
[EventDate "2012.11.22"]

1. e4 c5 2. Nf3 d6 3. d4 cxd4 4. Nxd4 Nf6 5. Nc3 a6 6. Bc4 e6 7. Bg5 Be7 8. a3
O-O 9. O-O Nxe4 10. Bxe7 Nxc3 11. Bxd8 Nxd1 12. Raxd1 Rxd8 13. Rd3 Bd7 14. Rfd1
d5 15. Bb3 Nc6 16. Nf3 Rac8 17. Ba2 Na5 18. b4 Nc4 19. Nd2 Nb2 20. Nf3 Nxd1 0-1

[Event "C.to Provinciale NA"]
[Site "Napoli ITA"]
[Date "2012.11.29"]
[Round "2"]
[White "Esposito, Rosario"]
[Black "Caiazzo, Diego"]
[WhiteElo "1830"]
[BlackElo "1845"]
[Result "1-0"]
[PlyCount "75"]
[EventDate "2012.11.22"]

1. d4 e6 2. c4 Nf6 3. Nc3 d5 4. Bg5 Be7 5. e3 O-O 6. Nf3 h6 7. Bh4 Nbd7 8. Qc2
a6 9. cxd5 exd5 10. Bd3 c6 11. O-O Nh5 12. Bxe7 Qxe7 13. Rac1 Nhf6 14. a3 Re8
15. Nd2 c5 16. dxc5 Nxc5 17. Nxd5 Nxd5 18. Qxc5 Qxc5 19. Rxc5 Be6 20. Bb1 Rad8
21. Nf3 Bg4 22. Nd4 Rd7 23. h3 Bh5 24. Ba2 Nf6 25. Rfc1 Bg6 26. Rc7 Red8 27.
Nf3 Be4 28. Rxd7 Rxd7 29. Ne5 Re7 30. Nxf7 Bd5 31. Bxd5 Nxd5 32. Nd6 Rd7 33.
Nf5 Kf7 34. Nd4 Kf6 35. Rc5 Ke5 36. Nf3+ Ke4 37. Rc4+ Kd3 38. Ne5+ 1-0

[Event "C.to Provinciale NA"]
[Site "Napoli ITA"]
[Date "2012.11.29"]
[Round "2"]
[White "Farina, Walter"]
[Black "Sgammato, Francesco"]
[WhiteElo "1639"]
[BlackElo "1688"]
[Result "0-1"]
[PlyCount "112"]
[EventDate "2012.11.22"]

1. e4 e6 2. d4 d5 3. Nd2 dxe4 4. Nxe4 Nd7 5. Nf3 Ngf6 6. Nxf6+ Nxf6 7. Bd3 Be7
8. O-O O-O 9. Re1 b6 10. c3 Bb7 11. Re5 c5 12. Be3 Qc7 13. Bg5 h6 14. Bxf6 Bxf6
15. Rh5 Rad8 16. Bc2 c4 17. Bb1 e5 18. Qc2 e4 19. Nd2 Rfe8 20. Nf1 Kh7 21. Qe2
g6 22. Rh3 Bg7 23. Re3 f5 24. Qd2 Qc6 25. f4 exf3 26. Rxf3 Qd7 27. Rh3 Qe6 28.
Re3 Qd5 29. Bc2 f4 30. Rf3 Rf8 31. Re1 Qg5 32. Be4 Bc8 33. Rf2 h5 34. Bf3 Rf7
35. Qc2 Bf5 36. Be4 Re7 37. Nd2 Rde8 38. Nf3 Qg4 39. Rfe2 Bxe4 40. Rxe4 Rxe4
41. Rxe4 Qf5 42. Nd2 Kh6 43. Qb1 Rc8 44. Re7 Qf6 45. Rxa7 Re8 46. Nxc4 Qe6 47.
Ne5 Bxe5 48. dxe5 Qxe5 49. Qf1 b5 50. h3 Qe3+ 51. Qf2 Qc1+ 52. Kh2 Re1 53. g4
Rh1+ 54. Kg2 f3+ 55. Kg3 Rg1+ 56. Kh4 g5# 0-1

[Event "C.to Provinciale NA"]
[Site "Napoli ITA"]
[Date "2012.11.29"]
[Round "2"]
[White "Gallina, Giacomo"]
[Black "Esposito, Pino"]
[WhiteElo "1705"]
[BlackElo "1804"]
[Result "0-1"]
[PlyCount "76"]
[EventDate "2012.11.22"]

1. e4 c5 2. Nc3 d6 3. Bc4 Nc6 4. f4 e6 5. Nf3 Nge7 6. Bb3 g6 7. d3 Bg7 8. O-O
Nd4 9. Nxd4 Bxd4+ 10. Kh1 Nc6 11. Ne2 Bg7 12. c3 O-O 13. Ng1 Bd7 14. Nf3 Na5
15. Bc2 b5 16. Qe1 Rb8 17. Bd2 Nc6 18. Rb1 a5 19. Qg3 b4 20. Qh3 h6 21. Bb3
bxc3 22. bxc3 Na7 23. Nh4 a4 24. Bc2 Rxb1 25. Rxb1 Qc7 26. f5 g5 27. fxe6 fxe6
28. Nf3 e5 29. Qg3 Nc8 30. Bxg5 hxg5 31. Nxg5 Qb6 32. Qe1 Qd8 33. Qh4 Rf2 34.
Qh7+ Kf8 35. h4 Qf6 36. Kg1 Be8 37. Ne6+ Qxe6 38. Kxf2 Bg6 0-1

[Event "C.to Provinciale NA"]
[Site "Napoli ITA"]
[Date "2012.11.29"]
[Round "2"]
[White "Messina, Enrico"]
[Black "Longobardi, Giuseppe"]
[WhiteElo "2225"]
[BlackElo "2036"]
[Result "1/2-1/2"]
[PlyCount "136"]
[EventDate "2012.11.22"]

1. e4 g6 2. d4 Bg7 3. Nc3 c6 4. Nf3 d5 5. Be2 dxe4 6. Nxe4 Nf6 7. Nxf6+ Bxf6 8.
Bh6 Bg4 9. c3 Nd7 10. O-O Nf8 11. Re1 Ne6 12. Ne5 Bxe2 13. Qxe2 Ng7 14. Ng4 O-O
15. Nxf6+ exf6 16. Qe7 b6 17. Qxd8 Rfxd8 18. Bxg7 Kxg7 19. Rad1 Rd7 20. Kf1
Rad8 21. Ke2 Kf8 22. Kd3 Rd5 23. Kc2 R5d7 24. Re3 Rd5 25. Rd2 R5d7 26. Rde2 Rc7
27. g4 Rcd7 28. h4 h6 29. f4 Rc7 30. Rf3 Rcd7 31. f5 g5 32. hxg5 hxg5 33. Rh3
Rd5 34. Rh8+ Kg7 35. Rxd8 Rxd8 36. Re7 Rh8 37. c4 Rh4 38. Re4 Rh2+ 39. Kc3 Rh3+
40. Kd2 Rh2+ 41. Re2 Rh4 42. Rg2 Kf8 43. Ke3 Ke7 44. Ke4 Kd6 45. b4 Rh1 46. c5+
Kd7 47. Kd3 Rh3+ 48. Ke4 Rh1 49. Ke3 Rb1 50. cxb6 axb6 51. d5 Rxb4 52. dxc6+
Kxc6 53. Rc2+ Kd6 54. Kf3 Rf4+ 55. Kg3 Ra4 56. Rd2+ Ke5 57. Re2+ Re4 58. Rb2
Re3+ 59. Kf2 Ra3 60. Rxb6 Kd4 61. Rxf6 Rxa2+ 62. Kf3 Ra3+ 63. Kf2 Ke5 64. Rb6
Kf4 65. Rb4+ Ke5 66. Rb5+ Kf4 67. Rb4+ Ke5 68. Rb5+ Kf4 1/2-1/2

[Event "C.to Provinciale NA"]
[Site "Napoli ITA"]
[Date "2012.11.29"]
[Round "2"]
[White "Russo Spena, Vincenzo"]
[Black "Angelotti, Mario"]
[WhiteElo "1485"]
[BlackElo "1757"]
[Result "0-1"]
[PlyCount "54"]
[EventDate "2012.11.22"]

1. Nf3 Nf6 2. c4 b6 3. d4 Bb7 4. Nc3 e6 5. a3 Be7 6. e3 a6 7. b4 d6 8. Be2 Nbd7
9. Bb2 O-O 10. O-O c5 11. b5 Rc8 12. a4 cxd4 13. exd4 a5 14. Qc2 Bxf3 15. gxf3
d5 16. cxd5 Nxd5 17. Bd3 N7f6 18. Qd2 Bb4 19. Rac1 Qd6 20. Rfe1 Nf4 21. Qe3
Bxc3 22. Bxc3 N6d5 23. Qe4 f5 24. Qe5 Qxe5 25. Rxe5 Nxd3 26. Rxd5 Nxc1 27. Rd6
Ne2+ 0-1

[Event "C.to Provinciale NA"]
[Site "Napoli ITA"]
[Date "2012.11.29"]
[Round "2"]
[White "Solombrino, Giovanni"]
[Black "Schiappoli, Dario"]
[WhiteElo "1838"]
[BlackElo "1904"]
[Result "1/2-1/2"]
[PlyCount "71"]
[EventDate "2012.11.22"]

1. e4 c5 2. Nf3 d6 3. d4 cxd4 4. Nxd4 Nf6 5. Nc3 a6 6. Bg5 e6 7. f4 b5 8. e5
dxe5 9. fxe5 Qc7 10. Nf3 b4 11. exf6 bxc3 12. b3 g6 13. Bc4 Bc5 14. Qe2 Nc6 15.
Be3 Qb6 16. Bxc5 Qxc5 17. Rd1 O-O 18. Qf2 Qf5 19. Nd4 Nxd4 20. Rxd4 e5 21. Rd3
Bb7 22. Qxf5 gxf5 23. O-O Be4 24. Rxc3 Rac8 25. Rd1 Rfd8 26. Rxd8+ Rxd8 27. Bd3
Bxd3 28. Rxd3 Rxd3 29. cxd3 Kf8 30. Kf2 Ke8 31. b4 Kd7 32. a4 Kc6 33. Ke3 Kd5
34. g3 h6 35. h3 h5 36. h4 1/2-1/2

[Event "C.to Provinciale NA"]
[Site "Napoli ITA"]
[Date "2012.11.29"]
[Round "2"]
[White "Somma, Erminio"]
[Black "Trematerra, Massimiliano"]
[WhiteElo "1607"]
[BlackElo "1461"]
[Result "0-1"]
[PlyCount "104"]
[EventDate "2012.11.22"]

1. d4 Nf6 2. Nf3 b6 3. Nbd2 d5 4. e3 Bb7 5. Bd3 Nbd7 6. O-O e6 7. Re1 c5 8. c3
c4 9. Bc2 Qc7 10. e4 dxe4 11. Nxe4 Nxe4 12. Bxe4 O-O-O 13. Bxb7+ Qxb7 14. Bf4
Nf6 15. Ne5 Nd5 16. Bg3 b5 17. Qf3 f6 18. Ng4 h5 19. Ne3 h4 20. Nxd5 hxg3 21.
Nf4 Qxf3 22. gxf3 gxf2+ 23. Kxf2 Rxh2+ 24. Ng2 e5 25. dxe5 Rd2+ 26. Kg3 Rdxg2+
27. Kf4 fxe5+ 28. Kxe5 Re2+ 29. Kd5 Kd7 30. Rxe2 Rxe2 31. b3 Rd2+ 32. Ke4 Rd3
33. bxc4 bxc4 34. Rc1 g6 35. a4 Bg7 36. Rg1 a5 37. Rxg6 Bxc3 38. Rg2 Kc6 39. f4
Kc5 40. f5 Bd2 41. f6 Re3+ 42. Kf5 Rf3+ 43. Ke6 Bh6 44. f7 c3 45. Rh2 Bg7 46.
Rg2 Re3+ 47. Kd7 Bf8 48. Rg8 Re7+ 49. Kd8 Rxf7 50. Ke8 c2 51. Rg1 Bh6 52. Kxf7
c1=Q 0-1

[Event "C.to Provinciale NA"]
[Site "Napoli ITA"]
[Date "2012.11.29"]
[Round "2"]
[White "Sparice, Lorenzo"]
[Black "Miccoli, Livio"]
[WhiteElo "1469"]
[BlackElo "1616"]
[Result "0-1"]
[PlyCount "70"]
[EventDate "2012.11.22"]

1. e4 e6 2. d4 d5 3. e5 c5 4. Nf3 Nc6 5. c3 Qb6 6. Bd3 Bd7 7. O-O cxd4 8. cxd4
Nxd4 9. Bxh7 Nxf3+ 10. Qxf3 Rxh7 11. Nc3 Bc5 12. Qd3 Rh5 13. Qg3 Rh7 14. a4 Ne7
15. Be3 d4 16. Ne4 dxe3 17. Nxc5 Qxc5 18. fxe3 Nf5 19. Qf3 Bc6 20. Qf4 O-O-O
21. Rac1 Qxe3+ 22. Qxe3 Nxe3 23. Rxf7 Nxg2 24. Rxc6+ bxc6 25. Kxg2 Rd2+ 26. Kg3
Rhxh2 27. Rf3 Rhg2+ 28. Kh3 Rh2+ 29. Kg3 Rhg2+ 30. Kh3 Rxb2 31. Rc3 Rh2+ 32.
Kg3 Rbg2+ 33. Kf4 Rh4+ 34. Kf3 Rh3+ 35. Kxg2 Rxc3 0-1

[Event "C.to Provinciale NA"]
[Site "Napoli ITA"]
[Date "2012.11.29"]
[Round "2"]
[White "Taurisano, Vincenzo"]
[Black "Borrelli, Salvatore"]
[WhiteElo "1851"]
[BlackElo "1937"]
[Result "1-0"]
[PlyCount "113"]
[EventDate "2012.11.22"]

1. Nf3 e6 2. c4 d5 3. d4 Nf6 4. Bg5 Be7 5. Nc3 O-O 6. e3 h6 7. Bh4 Ne4 8. Bxe7
Qxe7 9. Bd3 Nxc3 10. bxc3 dxc4 11. Bxc4 Nd7 12. O-O c5 13. a4 b6 14. Qe2 Bb7
15. a5 Qf6 16. Bb5 Bxf3 17. Qxf3 Qxf3 18. gxf3 Nf6 19. axb6 axb6 20. Bc6 Rac8
21. Be4 cxd4 22. cxd4 b5 23. Rab1 Rb8 24. Rb4 Nxe4 25. fxe4 Rb6 26. Rfb1 Rfb8
27. Kf1 Kf8 28. Ke2 Ke7 29. Kd3 Kd6 30. e5+ Ke7 31. Rc1 R8b7 32. e4 f6 33.
exf6+ gxf6 34. Rc5 Kf7 35. f4 Ra7 36. Rcxb5 Rxb5 37. Rxb5 Ra3+ 38. Kc4 Re3 39.
e5 Rf3 40. Rb7+ Ke8 41. exf6 Rxf4 42. Re7+ Kf8 43. Rxe6 Kf7 44. Rb6 Rh4 45. Rb2
Kxf6 46. Re2 Rg4 47. Kc5 Rg7 48. Kd6 Rg4 49. Rf2+ Kg7 50. d5 Rd4 51. Ke6 Rd1
52. d6 Re1+ 53. Kd7 Rd1 54. Ke7 Re1+ 55. Kd8 Rd1 56. d7 Rd3 57. Rc2 1-0

[Event "C.to Provinciale NA"]
[Site "Napoli ITA"]
[Date "2012.11.29"]
[Round "2"]
[White "Zinnai, Graziano Matteo"]
[Black "Capozzoli, Silvio"]
[WhiteElo "2034"]
[BlackElo "1860"]
[Result "1-0"]
[PlyCount "81"]
[EventDate "2012.11.22"]

1. e4 d5 2. exd5 Qxd5 3. Nf3 Nf6 4. Be2 a6 5. d4 Bf5 6. c4 Qd8 7. Nc3 e6 8. Nh4
Bg6 9. Nxg6 hxg6 10. Bg5 Be7 11. Qd2 c6 12. O-O-O Qa5 13. Kb1 Nbd7 14. Bf3 Nb6
15. Be2 O-O-O 16. Nd5 Qxd2 17. Nxe7+ Kd7 18. Bxd2 Kxe7 19. Ba5 Nbd7 20. Bxd8+
Kxd8 21. Bf3 Kc7 22. g3 Rd8 23. Rhe1 Nb6 24. b3 Nbd7 25. d5 cxd5 26. cxd5 e5
27. d6+ Kb6 28. b4 Ne8 29. a4 f5 30. Bd5 e4 31. f3 exf3 32. Bxf3 Nef6 33. Re7
Ne8 34. Kb2 g5 35. Bd5 Nxd6 36. Be6 Ne5 37. Kb3 g6 38. Rd5 Ng4 39. Rg7 Nxh2 40.
Rxg6 Nf3 41. Bxf5 1-0

[Event "C.to Provinciale NA"]
[Site "Napoli ITA"]
[Date "2012.12.02"]
[Round "3"]
[White "Angelotti, Mario"]
[Black "Borrelli, Salvatore"]
[WhiteElo "1757"]
[BlackElo "1937"]
[Result "0-1"]
[PlyCount "58"]
[EventDate "2012.11.22"]

1. e4 e6 2. d4 d5 3. Nd2 c5 4. exd5 Qxd5 5. Bc4 Qxg2 6. Qf3 Qxf3 7. Ngxf3 Nf6
8. Nb3 cxd4 9. Nbxd4 a6 10. Bf4 Nbd7 11. O-O-O Nb6 12. Bb3 Nbd5 13. Bg3 Be7 14.
Rhe1 O-O 15. Ne5 Rd8 16. h4 Bd7 17. Nc4 Be8 18. f4 Nh5 19. Bh2 Bxh4 20. Rh1 Bf6
21. Ne5 Ndxf4 22. Ndf3 Ne2+ 23. Kb1 Rxd1+ 24. Rxd1 Rd8 25. Nd3 Nhf4 26. Nfe1
Nxd3 27. Nxd3 Nd4 28. c3 Nxb3 29. axb3 Bc6 0-1

[Event "C.to Provinciale NA"]
[Site "Napoli ITA"]
[Date "2012.12.06"]
[Round "3"]
[White "Auletta, Angelo"]
[Black "Messina, Enrico"]
[WhiteElo "2190"]
[BlackElo "2225"]
[Result "1/2-1/2"]
[PlyCount "38"]
[EventDate "2012.11.22"]

1. e4 c5 2. Nf3 d6 3. d4 cxd4 4. Nxd4 Nf6 5. Nc3 g6 6. Be3 Bg7 7. f3 O-O 8. Qd2
Nc6 9. Bc4 Bd7 10. O-O-O Rb8 11. g4 b5 12. Nxc6 Bxc6 13. Be2 b4 14. Nd5 e6 15.
Nxf6+ Qxf6 16. Bd4 Qxd4 17. Qxd4 Bxd4 18. Rxd4 d5 19. e5 f6 1/2-1/2

[Event "C.to Provinciale NA"]
[Site "Napoli ITA"]
[Date "2012.12.02"]
[Round "3"]
[White "Caiazzo, Diego"]
[Black "Somma, Erminio"]
[WhiteElo "1845"]
[BlackElo "1607"]
[Result "1-0"]
[PlyCount "61"]
[EventDate "2012.11.22"]

1. Nf3 f5 2. b3 Nf6 3. Bb2 d6 4. d4 Nbd7 5. e3 g6 6. Be2 Bg7 7. O-O O-O 8. c4
Ne4 9. b4 Ndf6 10. Qb3 Kh8 11. Nc3 Qe8 12. c5 Nxc3 13. Bxc3 Ne4 14. Bb2 e5 15.
cxd6 cxd6 16. dxe5 dxe5 17. Rfd1 Be6 18. Bc4 Bxc4 19. Qxc4 Rd8 20. Rxd8 Qxd8
21. Rc1 Re8 22. a3 h6 23. h3 b6 24. Qf7 a5 25. Qxg6 Nd6 26. Rd1 Qf6 27. Qxf6
Bxf6 28. Rxd6 Kg7 29. Rxb6 axb4 30. axb4 Rd8 31. Bxe5 1-0

[Event "C.to Provinciale NA"]
[Site "Napoli ITA"]
[Date "2012.12.06"]
[Round "3"]
[White "Di Meo, Antonio"]
[Black "Zinnai, Graziano Matteo"]
[WhiteElo "1928"]
[BlackElo "2034"]
[Result "1-0"]
[PlyCount "149"]
[EventDate "2012.11.22"]

1. g4 e5 2. Bg2 h5 3. d4 exd4 4. g5 Bc5 5. Nf3 Nc6 6. O-O Nge7 7. b4 Nxb4 8.
Nxd4 Bxd4 9. Qxd4 Nxc2 10. Qxg7 Rg8 11. Qh7 Nxa1 12. Nc3 d6 13. Ne4 Nd5 14.
Qxg8+ Ke7 15. Nf6 Qxg8 16. Nxg8+ Kf8 17. Bxd5 Kxg8 18. Be4 Bh3 19. Rd1 Re8 20.
Bd3 Nc2 21. Bxc2 Rxe2 22. Bb3 Be6 23. Kf1 Re4 24. f4 Bxb3 25. axb3 Rb4 26. Rd3
Kg7 27. Kf2 Kg6 28. Kf3 Rb5 29. Bd2 d5 30. b4 a6 31. Ke3 Kf5 32. h3 Ke6 33. Rc3
Kd6 34. Rc5 Rxc5 35. bxc5+ Kxc5 36. f5 Kd6 37. g6 fxg6 38. fxg6 Ke6 39. g7 Kf7
40. Bc3 c5 41. Be5 a5 42. Kd2 b5 43. Kc2 b4 44. Kb3 c4+ 45. Ka4 c3 46. Kxa5 c2
47. Bb2 d4 48. g8=Q+ Kxg8 49. Kxb4 Kf7 50. Kc4 Kf6 51. Bc1 Ke5 52. Kd3 Kd5 53.
h4 Ke5 54. Kxc2 Ke4 55. Bg5 d3+ 56. Kc3 Ke5 57. Kxd3 Kd5 58. Bd8 Ke5 59. Kc4
Ke4 60. Bg5 Ke5 61. Kd3 Kd5 62. Bf4 Ke6 63. Ke4 Kf6 64. Bg3 Ke6 65. Kf4 Kf6 66.
Bf2 Kg6 67. Bd4 Kh6 68. Kf5 Kh7 69. Kg5 Kg8 70. Kxh5 Kh7 71. Bc3 Kg8 72. Kh6
Kf7 73. h5 Kf8 74. Kg6 Kg8 75. h6 1-0

[Event "C.to Provinciale NA"]
[Site "Napoli ITA"]
[Date "2012.12.06"]
[Round "3"]
[White "Esposito, Rosario"]
[Black "Taurisano, Vincenzo"]
[WhiteElo "1830"]
[BlackElo "1851"]
[Result "0-1"]
[PlyCount "104"]
[EventDate "2012.11.22"]

1. d4 b6 2. e4 e6 3. Bd3 c5 4. Be3 cxd4 5. Bxd4 Nc6 6. Bc3 Nf6 7. a3 Bb7 8. Nd2
d6 9. Ne2 Be7 10. O-O O-O 11. f4 d5 12. b4 a5 13. bxa5 Bc5+ 14. Kh1 Nxa5 15.
Ng3 Nc6 16. exd5 exd5 17. Nh5 d4 18. Bb2 Nxh5 19. Qxh5 g6 20. Qh6 f5 21. Nf3
Ba6 22. Ng5 Qd7 23. Rae1 Bxd3 24. cxd3 Rae8 25. Qh3 Nd8 26. Nf3 Nf7 27. Ne5
Nxe5 28. Rxe5 Rxe5 29. fxe5 Qd5 30. Qg3 Ra8 31. Rxf5 Bxa3 32. Bxa3 Rxa3 33. Rf1
Qe6 34. Qf3 Qf5 35. Qd5+ Kg7 36. Kg1 Qxd3 37. Qf7+ Kh6 38. Qf4+ g5 39. Qf6+ Kh5
40. Qf7+ Qg6 41. e6 Re3 42. Qd7 Qxe6 43. Qxd4 b5 44. Qd1+ Kh6 45. Qb1 Rb3 46.
Qa1 Qe3+ 47. Kh1 Rc3 48. Rf6+ Kg7 49. Rc6 b4 50. Rc7+ Kh6 51. Qa6+ Kh5 52.
Rxh7+ Kg4 0-1